| 000 | 00722nmc a2200277 a 4500 | ||
|---|---|---|---|
| 003 | AR-BaBNM | ||
| 005 | 20251128205318.0 | ||
| 008 | 217019s1996 ||||||||||||||000 | spa|| | ||
| 020 | _a950-843-159-8 | ||
| 040 | _cAR-BaBNM | ||
| 100 | 1 | _aLifsichtz Ottolenghi, Clara | |
| 245 | 1 | 0 | _aEl recodo |
| 260 |
_aBuenos Aires _bVinciguerra _c1996 |
||
| 300 | 0 | _a73 p. | |
| 490 | 0 | _aColección Metáfora | |
| 650 | 4 | _aLITERATURA ARGENTINA | |
| 650 | 4 | _aPOESIA | |
| 650 | 4 | _aESCRITORES | |
| 650 | 4 | _aLITERATURA CONTEMPORANEA | |
| 653 | 0 | _aINFLUENCIA CLASICA | |
| 655 | _aLITERATURA | ||
| 700 | 1 |
_aRequeni, Antonio _eprologuista |
|
| 700 | 1 |
_aPascual, Victoria Eugenia _eilustrador |
|
| 942 | _cBK | ||
| 998 | _cMARTIN | ||
| 999 |
_c10876 _d10876 |
||